[Event "11th Norway Chess 2023"]
[Site "Stavanger NOR"]
[Date "2023.06.08"]
[Round "8.2"]
[White "Firouzja, Alireza"]
[Black "Giri, Anish"]
[Result "1/2-1/2"]
[WhiteTitle "GM"]
[BlackTitle "GM"]
[WhiteElo "2785"]
[BlackElo "2768"]
[WhiteFideId "12573981"]
[BlackFideId "24116068"]
[EventDate "2023.05.30"]

1. e4 e5 2. Nf3 Nc6 3. g3 Nf6 4. d3 Bc5 5. Bg2 d6 6. c3 a5 7. O-O O-O 8. Re1 h6
9. d4 Ba7 10. h3 Bd7 11. Be3 Qc8 12. g4 Re8 13. Nbd2 a4 14. a3 b5 15. Qc2 Na5
16. Nh4 c5 17. dxe5 dxe5 18. Nf5 Qc7 19. c4 bxc4 20. Nxc4 Nxc4 21. Qxc4 Rab8 22.
Rad1 Be6 23. Qxa4 Bb3 24. Qa6 Bxd1 25. Rxd1 Re6 26. Qa4 Rxb2 27. Bf1 Reb6 28. h4
Rb1 29. Rd2 Qb7 30. g5 hxg5 31. hxg5 Qxe4 32. Rd8+ Kh7 33. Qxe4 Nxe4 34. Rd7 Ra6
35. Kg2 Rxa3 36. Rxf7 Kg6 37. Bc4 Nxg5 38. Ne7+ Kh6 39. Rf8 Rxe3 40. Rh8+ Nh7
41. fxe3 Rb2+ 42. Kf3 e4+ 43. Kxe4 Rb7 44. Nc6 Kg6 45. Ne5+ Kf6 46. Nc6 Ng5+ 47.
Kd3 Rd7+ 48. Ke2 Bb6 49. Rf8+ Nf7 50. e4 Bc7 51. e5+ Bxe5 52. Nxe5 Kxe5 53. Bxf7
Kd4 54. Kd2 c4 55. Bg8 c3+ 56. Kc2 Rc7 57. Rf4+ Ke3 58. Rg4 Kf3 59. Rg6 Kf4 60.
Bd5 Kf5 61. Ra6 g5 62. Bc6 Ke5 63. Ra5+ Kf4 64. Ra4+ Ke3 65. Ba8 Rc5 66. Rg4 Kf2
67. Bb7 Ke3 68. Bg2 Kf2 69. Bh3 Kf3 70. Rb4 Ke3 71. Bg4 Kf2 72. Re4 Kg3 73. Be2
Kf2 74. Bd1 Kg3 75. Rd4 Kf2 76. Kd3 Kg3 77. Bb3 Kf2 78. Bc4 Kf3 79. Kxc3 g4 80.
Kd2 g3 81. Be2+ Kf2 82. Rf4+ Kg1 83. Bf3 Ra5 84. Be4 g2 85. Rg4 Ra2+ 86. Ke3 Kh2
87. Rxg2+ 1/2-1/2

[Event "11th Norway Chess 2023"]
[Site "Stavanger NOR"]
[Date "2023.06.08"]
[Round "8.5"]
[White "Caruana, Fabiano"]
[Black "So, Wesley"]
[Result "1/2-1/2"]
[WhiteTitle "GM"]
[BlackTitle "GM"]
[WhiteElo "2764"]
[BlackElo "2760"]
[WhiteFideId "2020009"]
[BlackFideId "5202213"]
[EventDate "2023.05.30"]

1. d4 Nf6 2. c4 e6 3. Nc3 Bb4 4. e3 O-O 5. Bd2 d5 6. Nf3 b6 7. cxd5 exd5 8. Bd3
Bd6 9. O-O Re8 10. Re1 Bb7 11. Qc2 a6 12. e4 dxe4 13. Nxe4 Nxe4 14. Bxe4 Bxe4
15. Rxe4 Rxe4 16. Qxe4 Nd7 17. Bg5 Qe8 18. Qb7 b5 19. Re1 Qc8 20. Qe4 h6 21. Bh4
Nb6 22. Bg3 Qd7 23. Qb7 Qc8 24. Qc6 Qd7 25. Rc1 Qxc6 26. Rxc6 Bxg3 27. hxg3 Rc8
28. Kf1 Kf8 29. Ne5 Ke7 30. Ke2 f6 31. Nd3 Kd7 32. Rc2 Re8+ 33. Kf3 Kd6 34. Nc5
a5 35. Nb7+ Kd7 36. Nxa5 Ra8 37. b4 Nc4 38. Nxc4 bxc4 39. g4 Kd6 40. Rxc4 Ra3+
41. Kf4 Rxa2 42. Kg3 c6 43. Kf3 Rb2 44. g3 Kd5 45. Rc5+ Kd6 46. Rc4 Kd5 47. Rc5+
Kd6 48. Rc4 1/2-1/2

[Event "11th Norway Chess 2023"]
[Site "Stavanger NOR"]
[Date "2023.06.09"]
[Round "9.1"]
[White "Carlsen, Magnus"]
[Black "Abdusattorov, Nodirbek"]
[Result "1/2-1/2"]
[WhiteTitle "GM"]
[BlackTitle "GM"]
[WhiteElo "2853"]
[BlackElo "2731"]
[WhiteFideId "1503014"]
[BlackFideId "14204118"]
[EventDate "2023.05.30"]

1. e4 e5 2. Nf3 Nf6 3. Nxe5 d6 4. Nf3 Nxe4 5. d3 Nf6 6. d4 d5 7. Bd3 Bd6 8. Qe2+
Be6 9. Ng5 Qe7 10. Nxe6 fxe6 11. c3 O-O 12. O-O e5 13. dxe5 Qxe5 14. Qxe5 Bxe5
15. Nd2 Nbd7 16. Nf3 Bd6 17. g3 Rae8 18. Kg2 c6 19. a4 a5 20. Rb1 Ng4 21. Nd4
Nc5 22. Bf5 Ne5 23. Bc2 Rf7 24. Bf4 Bb8 25. Rbd1 Nc4 26. Bc1 Ne4 27. f3 Nc5 28.
Rfe1 Rfe7 29. Rxe7 Rxe7 30. Kf2 g6 31. b3 Ne5 32. h4 Ne6 33. h5 Ba7 34. hxg6
hxg6 35. Kg2 Nxd4 36. cxd4 Ng4 37. Bxg6 Re2+ 38. Kg1 Kg7 39. fxg4 Kxg6 40. Bf4
b5 41. Kf1 Rc2 42. Rd2 Rc3 43. Ke2 bxa4 44. bxa4 Rc4 45. Be3 Rxa4 46. Rc2 Rc4
47. Rxc4 dxc4 48. Kd2 a4 49. Kc3 a3 50. Bc1 a2 51. Bb2 Kg5 52. Kxc4 Kxg4 53. Kb3
Kxg3 54. Kxa2 Kf3 55. Kb3 Ke4 56. Kc4 Bb6 57. Ba1 Ba7 58. Bb2 Bb6 1/2-1/2

[Event "11th Norway Chess 2023"]
[Site "Stavanger NOR"]
[Date "2023.06.09"]
[Round "9.4"]
[White "Giri, Anish"]
[Black "Mamedyarov, Shakhriyar"]
[Result "1/2-1/2"]
[WhiteTitle "GM"]
[BlackTitle "GM"]
[WhiteElo "2768"]
[BlackElo "2738"]
[WhiteFideId "24116068"]
[BlackFideId "13401319"]
[EventDate "2023.05.30"]

1. e4 e5 2. Nf3 Nc6 3. Bb5 Nge7 4. d4 Nxd4 5. Nxd4 exd4 6. Qxd4 Nc6 7. Qe3 Be7
8. O-O O-O 9. Nc3 Nb4 10. Qd2 c6 11. Be2 a5 12. Qd1 Re8 13. Bf4 Na6 14. Bxa6
Rxa6 15. e5 f6 16. exf6 Bxf6 17. Bd6 Bxc3 18. bxc3 Qf6 19. Qd2 Re6 20. Rad1 c5
21. Bxc5 Qf5 22. Be3 b5 23. Qd5 Qxc2 24. Qxb5 Qxa2 25. Bd4 h6 26. h3 a4 27. Ra1
Qc2 28. Qb8 Rac6 29. Qa8 Rg6 30. Rfe1 Kh7 31. Re8 Rxg2+ 32. Kxg2 Qg6+ 33. Kh2
Qxe8 34. Rg1 g6 35. Qxa4 Re6 36. Qa8 1/2-1/2

[Event "11th Norway Chess 2023"]
[Site "Stavanger NOR"]
[Date "2023.06.09"]
[Round "9.5"]
[White "Tari, Aryan"]
[Black "Firouzja, Alireza"]
[Result "1-0"]
[WhiteTitle "GM"]
[BlackTitle "GM"]
[WhiteElo "2642"]
[BlackElo "2785"]
[WhiteFideId "1510045"]
[BlackFideId "12573981"]
[EventDate "2023.05.30"]

1. e4 c5 2. Nf3 d6 3. Bb5+ Nd7 4. O-O a6 5. Bd3 e6 6. c3 Ngf6 7. Bc2 b5 8. d4
Bb7 9. Re1 Be7 10. a4 cxd4 11. cxd4 O-O 12. a5 Rc8 13. Nbd2 Nb8 14. Nb3 Nc6 15.
Bb1 Qc7 16. Bg5 h6 17. Bh4 e5 18. Bg3 Rfe8 19. d5 Nb8 20. Nfd2 g6 21. f3 Nh5 22.
Bf2 Nf4 23. Bb6 Qd7 24. Nc1 Bg5 25. Nd3 Qe7 26. Nf2 Nd7 27. Be3 Rc7 28. Nb3 Nxg2
29. Bxg5 Qxg5 30. Nh3 Ne3+ 31. Nxg5 Nxd1 32. Nxf7 Nxb2 33. Nxd6 Rf8 34. Ra2 Na4
35. Rg2 Kh7 36. Rc1 Rxc1+ 37. Nxc1 Ba8 38. Rc2 Nac5 39. Ba2 Kg7 40. Nb3 Nxb3 41.
Bxb3 Kf6 42. Rc7 Ke7 43. Nc8+ Kd8 44. d6 Rf6 45. Na7 Rxd6 46. Rc8+ Ke7 47. Rxa8
Rd3 48. Nc8+ Kf6 49. Rxa6+ Kg5 50. Bd5 Ra3 51. Kf2 Nc5 52. Rc6 Nd3+ 53. Kg3 Rxa5
54. h4+ Kh5 55. Rf6 1-0